000 00507nam a2200193Ia 4500
003 OSt
005 20220926044609.0
006 a|||||r|||| 00| 0
007 ta
008 220923b |||||||| |||| 00| 0 eng d
037 _cGeneral Book
040 _aRTL
_cRTL
_beng
041 _2eng
_aeng
100 _aSilk L S
_9349212
245 0 _aConsulant reports on current business problems
_b Forecasting business trends
260 _c1956
942 _cGB
_2CC
999 _c675291
_d675291